000
00318nam a2200133Ia 4500
005
20251222143231.0
008
251222s9999||||xx |||||||||||||| ||spa||
020
_a
88-343-0989-8
082
_a
301/M26I
100
_a
Martinelli, Mónica
245
0
_a
Il Legame Incrinato.
264
_b
Vita e Pensiero
942
_c
LIB
999
_c
14207
_d
14207